Statistiken für Einwohner der Welt Quiz

Klicken Sie hier um das Quiz zu spielen!

Allgemein

  • Dieses Quiz wurde 149 mal gespielt
  • Das Durchschnittsergebnis liegt bei 85 aus 196

Antworten auf der Karte

Die Antworten werden auf der Karte rot bzw. grün angezeigt, abhängig davon wie oft sie richtig erraten wurden.
 

Antwortstatistiken

Einwohnername mEinwohnername f% Korrekt
DeutscheDeutsche
94%
FranzoseFranzösin
90%
RusseRussin
90%
SpanierSpanierin
89%
MexikanerMexikanerin
88%
FinneFinnin
85%
DäneDänin
84%
Engländer/BriteEngländerin/Britin
84%
ItalienerItaliener
84%
KanadierKanadierin
84%
PolePolin
84%
SchwedeSchwedin
84%
ChineseChinesin
83%
NorwegerNorwegerin
83%
SchweizerSchweizerin
82%
UkrainerUkrainerin
82%
IsländerIsländerin
81%
AustralierAustralierin
80%
PortugiesePortugiesin
80%
InderInderin
79%
JapanerJapanerin
79%
ÖsterreicherÖsterreicherin
79%
BrasilianerBrasilianerin
78%
IreIrin
78%
TürkeTürkin
78%
NiederländerNiederländerin
76%
ArgentinierArgentinierin
75%
BelgierBelgierin
74%
Este/EstländerEstin/Estländerin
74%
GriecheGriechin
74%
TschecheTschechin
74%
ÄgypterÄgypterin
73%
Albaner/AlbanierAlbanerin/Albanierin
73%
LetteLettin
72%
LitauerLitauerin
72%
MongoleMongolin
72%
RumäneRumänin
72%
SlowakeSlowakin
72%
MarokkanerMarokkanerin
71%
PeruanerPeruanerin
71%
SüdkoreanerSüdkoreanerin
71%
KroateKroatin
70%
NordkoreanerNordkoreanerin
70%
UngarUngarin
70%
NeuseeländerNeuseeländerin
69%
SüdafrikanerSüdafrikanerin
69%
US-AmerikanerUS-Amerikanerin
69%
ChileneChilenin
68%
IrakerIrakerin
68%
IranerIranerin
68%
SloweneSlowenin
68%
SerbeSerbin
67%
BulgareBulgarin
65%
TunesierTunesierin
65%
AlgerierAlgerierin
64%
Bosnier/HerzegowinerBosnierin/Herzegowinerin
64%
AfghaneAfghanin
63%
IsraeliIsraeli/Israelin
63%
BelarusseBelarussin
62%
KolumbianerKolumbianerin
62%
KasacheKasachin
61%
IndonesierIndonesierin
60%
ThailänderThailänderin
60%
KubanerKubanerin
59%
SyrerSyrerin
59%
VietnameseVietnamesin
58%
PakistanerPakistanerin
57%
LuxemburgerLuxemburgerin
56%
OmanerOmanerin
56%
ArmenierArmenierin
54%
LibyerLibyerin
53%
UsbekeUsbekin
53%
NigerianerNigerianerin
52%
JordanierJordanierin
50%
NepaleseNepalesin
50%
GeorgierGeorgierin
49%
ParaguayerParaguayerin
49%
UruguayerUruguayerin
49%
Taiwaner/TaiwaneseTaiwanerin/Taiwanesin
48%
BolivianerBolivianerin
47%
EcuadorianerEcuadorianerin
47%
KenianerKenianerin
47%
LibaneseLibanesin
47%
Saudi-AraberSaudi-Araberin
47%
TurkmeneTurkmenin
47%
MauretanierMauretanierin
46%
SomalierSomalierin
45%
JamaikanerJamaikanerin
44%
MalteserMalteserin
43%
MazedonierMazedonierin
43%
AserbaidschanerAserbaidschanerin
41%
KongoleseKongolesin
41%
LiechtensteinerLiechtensteinerin
41%
TadschikeTadschikin
41%
ÄthiopierÄthiopierin
40%
SudaneseSudanesin
40%
Costa RicanerCosta Ricanerin
39%
KirgiseKirgisin
39%
SenegaleseSenegalesin
38%
KamerunerKamerunerin
36%
SüdsudaneseSüdsudanesin
36%
HaitianerHaitinaerin
35%
PhilippinerPhilippinerin
35%
BhutanerBhutanerin
34%
DominikanerDominikanerin
34%
GhanaerGhanaerin
34%
KambodschanerKambodschanerin
34%
MalaysierMalaysierin
34%
MalierMalierin
34%
AngolanerAngolanerin
33%
NamibierNamibierin
33%
TschaderTschaderin
32%
GabunerGabunerin
31%
GuyanerGuyanerin
31%
MalediverMalediverin
31%
MoldauerMoldauerin
31%
MonegasseMonegassin
31%
TansanierTansanierin
31%
AndorranerAndorranerin
30%
BangladescherBangladescherin
30%
BelizerBelizerin
30%
KatarerKatarerin
30%
SurinamerSurinamerin
30%
Sri LankerSri Lankerin
29%
Zyprer/Zypriot/ZyprierZyprerin/Zypriotin/Zyprier
29%
EritreerEritreerin
28%
KosovareKosovarin
28%
KuwaiterKuwaiterin
28%
UganderUganderin
28%
BeninerBeninerin
27%
LiberianerLiberianerin
27%
RuanderRuanderin
27%
MontenegrinerMontenegrinerin
26%
MalawierMalawierin
25%
SimbabwerSimbabwerin
25%
TogoerTogoerin
25%
BahrainerBahrainerin
24%
Burunder/BurundierBurunderin/Burundierin
24%
LaoteLaotin
24%
SambierSambierin
24%
SeychellerSeychellerin
24%
GuineerGuineerin
23%
PalauerPalauerin
23%
PanamaerPanamaerin
23%
Sierra-LeonerSierra-Leonerin
23%
GambierGambierin
22%
MadagasseMadagassin
22%
NauruerNauruerin
22%
NicaraguanerNicaraguanerin
22%
TuvaluerTuvaluerin
22%
HonduranerHonduranerin
21%
Kapverdianer/Kapverder/KapverdierKapverdianerin/Kapverdin/Kapverdierin
21%
KiribatierKiribatierin
21%
KomorerKomorerin
21%
DominicanerDominicanerin
20%
Grenader/GrenadierGrenaderin/Grenadierin
19%
Guinea-BissauerGuinea-Bissauerin
19%
Papua-NeuguineerPapua-Neuguineerin
19%
SalomonerSalomonerin
19%
SamoanerSamoanerin
19%
TongaerTongaerin
19%
VanuatuerVanuatuerin
19%
DschibutierDschibutierin
18%
JemenitJemenitin
18%
MikronesierMikronesierin
18%
BruneierBruneierin
17%
SingapurerSingapurerin
17%
IvorerIvorerin
16%
MauritierMauritierin
16%
FidschianerFidschianerin
15%
MosambikanerMosambikanerin
15%
ÄquatorialguineerÄquatorialguineerin
14%
LesotherLesotherin
14%
AntiguanerAntiguanerin
11%
Emirat
11%
MarshallerMarshallerin
11%
VenezolanerVenezolanerin
11%
GuatemaltekeGuatemaltekin
10%
Trinidader/Tobagoer
10%
SalvadorianerSalvadorianerin
9%
San-MarineseSan-Marinesin
7%
BahamaerBahamaerin
6%
LucianerLucianerin
6%
SwasiSwasi
6%
Burkiner/BurkinabeBurkinerin/Burkinabe
5%
BurmeseBurmesin
5%
BotsuanerBotsuanerin
4%
São ToméerSão Toméerin
4%
BarbadierBarbadierin
3%
NigrerNigrerin
3%
VincenterVincenterin
3%
KittianKittianin
1%
VatikannikVatikannesse
1%
PygmäePygmäin
0%
TimoreseTimoresin
0%

Verteilung der Resultate

Perzentil nach korrekt beantworteten Fragen

Anzahl Personen mit jedem Resultat

Ihre Resultats-Entwicklung

Sie haben dieses Quiz noch nicht gespielt